| 000 | 00438nam a2200121Ia 4500 | ||
|---|---|---|---|
| 008 | 170224s9999 xx 000 0 und d | ||
| 245 | _aInternalizing sexism within close relationships: Perceptions of intimate partners’ benevolent sexism promote women’s endorsement of benevolent sexism. | ||
| 260 | _bJournal of Personality and Social Psychology | ||
| 260 | _c2016 | ||
| 300 | _a110:2 | ||
| 500 | _aFebruary | ||
| 650 | _xPsychology. | ||
| 999 |
_c316535 _d316535 |
||